All Teams to Finish Top 4 FIFA Futsal World Cup - Statistics

General Stats
  • This quiz has been taken 248 times
    119 since last reset
  • The average score is 11 of 14
Answer Stats
Answer % Correct
Brazil
98%
Spain
93%
Argentina
91%
France
91%
Portugal
91%
United States of America
90%
Italy
88%
Russia
80%
Netherlands
73%
Colombia
70%
Belgium
65%
Ukraine
57%
Kazakhstan
43%
Iran
40%
No matching quizzes found
Score Distribution
Percent of People with Each Score
Percentile by Number Answered
Your Score History
You have not taken this quiz since the last reset